Turkish journal of electrical engineering & computer sciences (Record no. 38747)

MARC details
000 -LEADER
fixed length control field 00520nam a2200169Ia 4500
022 ## - INTERNATIONAL STANDARD SERIAL NUMBER
ISSN 13000632
050 ## - CALL MARK
Classification number TK 1 .E885/
245 #0 - TITLE STATEMENT
Title Turkish journal of electrical engineering & computer sciences
260 ## - PUBLICATION, DISTRIBUTION, ETC. (IMPRINT)
Place of publication Ankara
260 ## - PUBLICATION, DISTRIBUTION, ETC. (IMPRINT)
Name of publisher TÜBİTAK, Scientific and Technological Research Council of Turkey
260 ## - PUBLICATION, DISTRIBUTION, ETC. (IMPRINT)
Year of publication 2010
300 ## - PHYSICAL DESCRIPTION
Number of Pages v. , 452 p. : ill. (some col.) ; 28 cm.
650 ## - SUBJECT ADDED ENTRY--TOPICAL TERM
Topical Term Computer Engineering--Periodicals
942 ## - ADDED ENTRY ELEMENTS (KOHA)
Koha item type Serials

No items available.